000 00851nam a2200277 a 4500
001 000027604
003 OSt
005 20240530073919.0
008 110401s1961 dr 000 f spa d
040 _aDO-SdBNP
_bspa
_cBNPHU
049 _aBNPD
082 4 _a863.44
_bR457t
_222
100 1 _aReyes, Ramón Emilio
_91234
245 1 3 _aEl testimonio /
_cRamón Emilio Reyes ; prólogo Antonio Fernández Spencer.
260 _aSanto Domingo :
_bDel Caribe,
_c1961.
300 _a138 p. ;
_c22 cm.
490 1 _aArquero
_v7
490 1 _aNovelistas de Hoy
650 0 _aNovela dominicana
_9223
650 0 _aLiteratura dominicana.
_967
700 1 _aFernández Spencer, Antonio,
_d1922-1995
_epról.
_922525
830 0 _aArquero
_n7
_954698
830 0 _aNovelistas de Hoy
_954699
910 _aValidado. Control de calidad EMS
942 _2ddc
_cLBS1
999 _c27096
_d27096